00403pab a2200133 454500008004000000100002100040245008300061260000900144300001300153362001200166650002500178700001900203773004700222180718b2003 xxu||||| |||| 00| 0 eng d aManohar, S. John aTeam learning - a padagogical tool in management education: an empirical study c2003 ap.36-49. aJul-Dec aManagement education aRajesh, C.N.B. aIndian Journal of Training and Development